| 000 | 00673nam a2200205 u 4500 | ||
|---|---|---|---|
| 005 | 20220622063601.0 | ||
| 008 | 100614s2008 mx r 000 0 spa d | ||
| 020 | _a9789688673652 | ||
| 035 | _aUPN01000176526 | ||
| 049 | _aCG | ||
| 050 | 4 |
_aPT9766 E8 _bM3.7a |
|
| 100 | 1 |
_aLagerlof, Selma Ottiliana Lovisa, _d1858-1940 _928934 |
|
| 245 | 1 | 3 |
_aEl maravilloso viaje de Nils Holgersson / _cSelma Lagerlof ; tr. Clöe Arlline Sabi. |
| 260 |
_aMéxico : _bAxial, _c2008. |
||
| 300 | _a427 p. | ||
| 534 |
_pTítulo original: _tNils Holgerssons underbara resa genom Sverige |
||
| 650 | 0 |
_aNovela sueca _915659 |
|
| 650 | 0 |
_aAnimales _vCuentos y leyendas _9234 |
|
| 905 | _aLibro | ||
| 999 |
_c148629 _d148629 |
||